000 00390nam a2200145Ia 4500
008 230917s9999||||xx |||||||||||||| ||und||
040 _e210478
_aMAIN
041 _aEnglish
082 _a658.4 I2A
100 _aIndian management Academy
245 0 _aApplied management for teachers training colleges
260 _aLucknow
_bIndian Management Academy
300 _a496 p.
942 _cBK
999 _c119860
_d119860